Statistics for Name as many car brands as you can

Click here to take the quiz!

General Stats

  • This quiz has been taken 324 times
  • The average score is 36 of 215

Answer Stats

CountryBrand% Correct
United StatesFord
88%
GermanyBMW
86%
JapanToyota
84%
ItalyFerrari
83%
GermanyMercedes-Benz
82%
JapanHonda
79%
ItalyLamborghini
77%
GermanyAudi
76%
United StatesChevrolet
74%
GermanyVW
74%
South KoreaHyundai
72%
JapanNissan
68%
GermanyPorsche
67%
South KoreaKia
61%
United StatesDodge
59%
ItalyFiat
59%
United StatesJeep
59%
United StatesTesla
59%
FrancePeugeot
58%
JapanMitsubishi
56%
United KingdomRolls-Royce
54%
SwedenVolvo
54%
FranceBugatti
53%
United KingdomMini
53%
United KingdomBentley
51%
United KingdomLand Rover
51%
FranceRenault
51%
United KingdomAston Martin
50%
United KingdomJaguar
49%
JapanMazda
49%
United StatesChrysler
48%
FranceCitroen
47%
ItalyMaserati
45%
JapanSubaru
45%
United StatesCadillac
44%
Czech RepublicSkoda
44%
JapanLexus
43%
JapanSuzuki
43%
ItalyAlfa Romeo
42%
SpainSeat
40%
United StatesGMC
39%
GermanyOpel
39%
United StatesBuick
38%
United KingdomMcLaren
38%
SwedenSaab
34%
United StatesLincoln
31%
RussiaLada
29%
United KingdomVauxhall
29%
United KingdomAC
28%
RomaniaDacia
28%
United StatesPontiac
28%
JapanAcura
26%
United KingdomLotus
26%
SwedenKoenigsegg
25%
ItalyPagani
24%
AustraliaHolden
23%
United KingdomRover
22%
United StatesHummer
21%
United StatesSaturn
21%
GermanySmart
21%
IndiaTata
21%
JapanIsuzu
20%
ItalyLancia
19%
GermanyMaybach
18%
United StatesMercury
18%
South KoreaDaewoo
17%
United KingdomMG
16%
FranceAlpine
14%
South KoreaGenesis
14%
United StatesOldsmobile
14%
ItalyAbarth
13%
JapanDaihatsu
13%
JapanDatsun
13%
South KoreaSsangYong
13%
United KingdomAustin
12%
FranceDS
12%
United KingdomDaimler
11%
CroatiaRimac
11%
United KingdomAriel
10%
United StatesHennessey
10%
AustriaKTM
10%
JapanScion
10%
ChinaBYD Motors
9%
United StatesDelorean Motor Cars
9%
United StatesPlymouth
9%
United KingdomCaterham
8%
United StatesSaleen
8%
GermanyAlpina
7%
United StatesAmerican Motor Company
7%
United StatesFisker
7%
SwedenPolestar
7%
GermanyBrabus
6%
United StatesLucid
6%
United KingdomMorgan
6%
United KingdomNoble
6%
NetherlandsSpyker
6%
United KingdomTVR
6%
DenmarkZenvo
6%
SpainCupra
5%
ChinaNio
5%
MalaysiaProton
5%
United KingdomTriumph
5%
Lebanon / UAEW Motors
5%
United KingdomAscari
4%
NetherlandsDAF
4%
ItalyDeTomaso
4%
NetherlandsDonkervoort
4%
GermanyGumpert
4%
IndiaMahindra
4%
United KingdomMorris
4%
GermanyAbt
3%
Spaina.d.
3%
PolandArrinera
3%
United KingdomAustin Healey
3%
United KingdomBAC
3%
United KingdomBristol
3%
United StatesDuesenberg
3%
United StatesEagle
3%
JapanHino
3%
ChinaHongqi
3%
GermanyHorch
3%
United StatesHudson
3%
United StatesInternational Harvester
3%
United KingdomJensen
3%
GermanyMansory
3%
RussiaMarussia
3%
United StatesMosler
3%
United StatesPanoz
3%
GermanyRuf
3%
FranceSimca
3%
FranceTalbot
3%
BrazilTroller
3%
United StatesTucker
3%
United KingdomUltima
3%
United StatesVector
3%
United KingdomArash
2%
GermanyArtega
2%
United StatesAuburn
2%
ItalyBizzarrini
2%
CanadaBricklin
2%
MalaysiaBufori
2%
United KingdomGinetta
2%
SpainGTA
2%
United KingdomLagonda
2%
United KingdomLister
2%
ChinaLynk & Co
2%
United StatesRossion
2%
FranceVenturi
2%
MexicoVUHL
2%
GermanyWiesmann
2%
Yugoslavia / SerbiaZastava
2%
Germany9ff
1%
United KingdomAlvis
1%
ItalyAutobianchi
1%
United KingdomBowler
1%
ChinaBrilliance
1%
United KingdomCaparo
1%
GermanyCarlsson
1%
ItalyCisitalia
1%
ItalyDallara
1%
FranceDelahaye
1%
GermanyDKW
1%
FranceFacel Vega
1%
United KingdomFrazer Nash
1%
United KingdomHillman
1%
SpainHispano Suiza
1%
GermanyIsdera
1%
ItalyIso
1%
MoroccoLaraki
1%
United KingdomMarcos
1%
MexicoMastretta
1%
FranceMatra
1%
FranceMéga
1%
United StatesMerkur
1%
JapanMitsuoka
1%
FrancePanhard
1%
United StatesPierce
1%
ChinaQoros
1%
United KingdomRadical
1%
United KingdomRiley
1%
SwitzerlandRinspeed
1%
Switzerland / ItalySbarro
1%
United KingdomSinger
1%
ItalySpada
1%
United KingdomSunbeam
1%
NetherlandsVencer
1%
United KingdomZenos
1%
AustriaAustro-Daimler
0%
United KingdomBerkeley
0%
GermanyBitter
0%
GermanyBorgward
0%
ItalyCovini
0%
United KingdomDavid Brown
0%
FranceDelage
0%
United KingdomElva
0%
GermanyGlas
0%
ItalyGlickenhaus
0%
FranceGordini
0%
New ZealandHulme
0%
ItalyIntermeccanica
0%
United KingdomInvicta
0%
United KingdomKeating
0%
GermanyLloyd
0%
CanadaManic
0%
ItalyMazzanti
0%
GermanyMelkus
0%
SwitzerlandMonteverdi
0%
ItalyOSCA
0%
FrancePGO
0%
ItalyQvale
0%
RussiaRusso-Baltique
0%
United StatesStutz
0%
GermanyTechArt
0%
GermanyWanderer
0%
SwitzerlandWeber Sportcars
0%

Score Distribution

Percentile by Number Answered

Percent of People with Each Score

Your Score History

You have not taken this quiz